000 00600cam a2200229 4500
008 090401t1998 xxu||||| |||| 00| 0 eng d
020 _a0632038578
035 _a(Sirsi) u81482
041 _aeng
050 _a693.71
100 _aRay, S.S.
245 _aStructural steel design : analysis and design.
260 _aOxford
_bBlackwell Science
_c1998
300 _axxx,562p. : ill. ; 30cm.
350 _a69.5
650 _aDESIGN
650 _aSTEEL STRUCTURES
650 _aSTRUCTURAL STEELWORK
690 _aBUILT ENVIRONMENT-CONSTRUCTION DESIGN
942 _n0
948 _c16/10/1997
999 _c96720
_d96720